00648 2200229 4500001002100000005001500021035002000036007000300056008004100059020002200100082000800122084001400130100001800144245006900162260003600231300002900267500003900296650002800335700001800363504002600381990001100407INLIS00000000000913920210629105915 a0010-0621000207ta210629 j 0 ind  a978-602-191-307-9 a910 a910 HAM b0 aHAMID, Bahari1 aBerlibur Sekaligus Belajar /cHamid Bahari; editor, Maryah Ulfah aYogyakarta :bDiva Press,c2012 a145 hlm :bilus ;c24 cm aedisi full color menawan dan asyik 4aLIBURAN-PENDIDIKAN ANAK0 aMARYAH, Ulfah aBibliografi.: 143-145 a3230 a